000 00420nam a2200157Ia 4500
008 180921t2017 xxu||||| |||| 00| 0 eng d
041 _aeng
080 _a72
_bJAY
100 _aJayalath , Chandana
245 _aContractual Dimensions in Constraction: A Commentary in a Nutshell
260 _bGodage
_aColombo
_c2017
300 _b729 P, 21Cm
942 _cBK
999 _c2574
_d2574
003 LK-CoDNM
040 _aLK-CoDNM
_dLK-CoDNM
_eLK-CoDNM